Proceso contencioso de Dionisio de Urosa contra Ermenegilda de Salcedo sobre legitimidad de capellanía.

Detalles Bibliográficos
Otros Autores: Dionisio de Urosa
Formato: Libro
Publicado: Caramaretel, s.f.
Materias:
Colección:Banco de datos
Acervo:Biblioteca Palafoxiana. Colección de Manuscritos
Descripción Física:7 f. ; 20.6 x 30.7 cm.
Tema general:Civil
LEADER 00447nam a22001450004500
035 |a 2126 
245 1 0 |a Proceso contencioso de Dionisio de Urosa contra Ermenegilda de Salcedo sobre legitimidad de capellanía. 
260 |a Caramaretel, s.f. 
300 |a 7 f. ; 20.6 x 30.7 cm. 
650 1 0 |a Civil 
700 1 |a Dionisio de Urosa 
949 |a 38109/002 
942 |c PALAMANU 
943 |g Biblioteca Palafoxiana. Colección de Manuscritos 
999 |c 1070071  |d 1070071